| 000 | 01016nam a22002897a 4500 | ||
|---|---|---|---|
| 001 | BR8201444 | ||
| 003 | BR-BrBNA | ||
| 005 | 20230928091250.0 | ||
| 007 | ta | ||
| 008 | 230509b bl.||||| |||| 00| 0 por d | ||
| 040 |
_aBR-BrBNA _bpor _cBiblioteca Nacional de Agricultura |
||
| 041 | _a(Por) | ||
| 072 |
_aF60 _b1950 |
||
| 090 | _ 1950 BR8201444 | ||
| 100 | 1 | _aGalvani, N.H.S. | |
| 110 | 1 |
_aUniversidade Federal de Vicosa, MG (Brasil) _0Tese (Magister Scientiae) |
|
| 245 | 1 | _aSintese de clorofila em duas leguminosas forrageiras em funcao do potencial hidrico, da qualidade da luz e do acido abscisico | |
| 246 | 1 | _a[Chlorophyll synthesis in two forage legumes in function of hydric potencial, light quality and abscisic acid] | |
| 260 | 3 |
_aVicosa, MG (Brasil): _c1981. |
|
| 300 | _a47 p. | ||
| 500 | _a11 tables; 11 illus.; 40 ref.; Summary (Por) | ||
| 650 | _aFisiologia vegetal | ||
| 650 | _aLeguminosa forrageira | ||
| 650 | _aClorofila | ||
| 909 |
_a202309 _bLucia _c55 _dLucia Elande |
||
| 942 | _cBK | ||
| 999 |
_c33109 _d33109 |
||